Problems & solution of Electronic devices & circuits / (رقم التسجيلة. 30324)

تفاصيل مارك
000 -الفاتح
حقل البيانات ثابتة الطول 00549nam a22001817a 4500
003 - محدد رقم الضبط
رقم الضبط OSt
005 - وقت وتاريخ اخر تعامل مع التسجيلة
رقم الضبط 20150408114136.0
008 - عناصر البيانات ثابتة الطول - معلومات عامة
حقل البيانات ثابتة الطول 130805s2009 ii | 00| 0 eng d
040 ## - مصدر الفهرسة
وكالة الفهرسة الأصلية Ma-Un
082 00 - رقم تصنيف ديوى العشرى
رقم التصنيف 621.381
رقم المادة BRS
رقم الطبعة 21
245 00 - بيان العنوان
العنوان Problems & solution of Electronic devices & circuits /
بيان المسئوليه,etc Experienced teachers.
250 ## - بيان الطبعة
بيان الطبعة 1 st. ed.
260 ## - PUBLICATION, DISTRIBUTION, ETC. (IMPRINT)
مكان الناشر او الموزع New Delhi :
اسم الناشر او الموزع CBS publishers & Distributors PVT. LTD.,
تاريخ النشر أو التوزيع 2009.
300 ## - الوصف المادى
التعداد 333 p. :
تفاصيل ماديه اخرى للوعاء ill ;
أبعاد الوعاء 20 cm.
490 0# - بيان السلسلة
عنوان السلسلة CBS problems & solutions series
650 #0 - المدخل الاضافى بالموضوع-مصطلح موضوعى
مصدر الرأس أو المصطلح Electronics.
942 ## -
-- ddc
-- DVD
999 ## -
-- 30324
-- 264824
المقتنيات
حالة الفقد نموذج السعر الفعال حالة تلف ليس للاعارة رقم الطلب رقم النسخة تاريخ الاكتساب Serial Enumeration / chronology الباركود الفرع الرئيسي Date last seen نوع المادة فى نظام كوها مصدر التصنيف او خطة الترفيف Total Checkouts
  2013-08-05   Not For Loan 621.381 BRS 1 2013-08-05 CL 00205935 المكتبة المركزية بالمجمعة (CL) 2013-08-05 كتاب Dewey Decimal Classification  
  2013-08-05     621.381 BRS 2 2013-08-05 CL 00205920 المكتبة المركزية بالمجمعة (CL) 2013-08-05 كتاب Dewey Decimal Classification  
  2013-08-05     621.381 BRS 1 2013-08-05 CL 00205919 المكتبة المركزية بالمجمعة (CL) 2013-08-05 كتاب Dewey Decimal Classification